000 00815nas a2200265 4500
001 BR0300337
003 BR-BrBNA
005 20231205103513.0
007 ta
008 230509b bl.|||p| |||| 00| 00por d
040 _aBR-BrBNA
_bpor
_cBiblioteca Nacional de Agricultura
041 _a(Pt)
072 _aH20
100 1 _aPinto, R.G. von
100 1 _aRamalho, M.A.P.
100 1 _aSilva, H.P.
100 1 _aResende, I.C.
245 1 _aComparação de métodos para a quantificação da severidade das ferrugens polissora e tropical do milho
650 _aMILHO
650 _aFERRUGEM
650 _aDOENÇA DE PLANTA
773 0 _tCiência e Agrotecnologia (Brazil)
_xISSN 1413-7054
_g(Jan-Mar 2000), v. 24(1) p. 22-36
_wBR0300337
909 _a202311
_bLúcia
_c55
_dLúcia Elande
942 _2AGRIS
_n0
_cANA
999 _c173221
_d173221